000 00554nam a2200169 4500
999 _c4303
_d4303
008 160903b xxu||||| |||| 00| 0 eng d
022 _a2094-8042
082 _aDPer 370.105 M72 Jan-Dec 2012 v. 60-61
100 _914048
_aHoggang, Zenaida M.
243 _aThe modern teacher
245 _aDisaster risk reduction management/
_cZenaida M. Hoggang.
260 _aPhilippines:
_bIn the Grade School, Inc.,
_c©2012.
300 _apages 66-68;
_c28 cm.
500 _aThe Modern Teacher
650 0 _918706
_aDisaster
_xManagement
942 _2ddc
_cPER